000 00609nam a22002057a 4500
005 20210426104316.0
008 210121s1992 ||||| |||| 00| 0 eng d
020 _a089745152X
040 _aeng
_cDLC
_deng
080 _a92
_bK-33
100 _9676
_aKendrick, B. Douglas
245 _aMemoirs of a Twentieth-Century Army Surgeon
_c/ by: Sunflower University Press
260 _aManhattan
_bSunflower University Press
_c1992
300 _a266 p.
_bill.
365 _b20 usd
650 0 _9237
_aBiography
653 _aბიოგრაფია
700 _9677
_aBush, Riley Julie
_eEditor
942 _2udc
_cBK
999 _c924
_d924